000
00253 a2200121 4500
000
nam a22 7a 4500
020
_a
9681818946
100
_a
T WILLIAM LAMBE
245
_a
MECANICA DE SUELOS
250
_a
2
260
_b
LIMUSA
_c
2001
942
_c
BK
999
_c
63038
_d
63037
980
_6
21515
_a
ROMINA COBOS Adquisiciones
_8
21515
_g
ROMINA COBOS Adquisiciones